| 000 | 00453nam a22001817a 4500 | ||
|---|---|---|---|
| 003 | CEME | ||
| 005 | 20210628202252.0 | ||
| 008 | 210301b xxu||||| |||| 00| 0 eng d | ||
| 020 | _a969-0-01689-X | ||
| 040 | _c. | ||
| 082 | _a301.95491 ASL | ||
| 100 |
_aAslam Siddiqui _959089 |
||
| 245 | _aLife and times of a pakistan citizen | ||
| 260 | _bFEROZ SONS | ||
| 300 | _a303P | ||
| 650 |
_aPAKISTANI CITIZEN LIFE AND TIMES _959090 |
||
| 942 |
_cBK _2ddc |
||
| 999 |
_c569144 _d569144 |
||